[Event "AUTO-OPEN-4493"]
[Site "http://www.queenalice.com/game.php?id=1827010"]
[Date "2023.12.11"]
[Round "1"]
[White "caradepau"]
[Black "Bomboche"]
[Result "1-0"]
[WhiteElo "1557"]
[BlackElo "1247"]

1. e4 e5 2. Bc4 Nf6 3. d3 Bc5 4. a3 Nc6 5. Nc3 O-O 6. Nf3 Nh5 7. Nxe5 Qh4 8. O-O
Nxe5 9. Nd5 Bd6 10. Ba2 Ng4 11. h3 Rb8 12. b4 Ne5 13. c4 c6 14. Nc3 Nf4 15. Bxf4
Qxf4 16. Ne2 Qh4 17. Nd4 c5 18. Nf5 Qf6 19. bxc5 Nc6 20. cxd6 Nd4 21. Qg4 Nc2
22. Rab1 Nd4 23. Ne7+ Kh8 24. Nd5 Qxd6 25. h4 g6 26. Qg5 Ne2+ 27. Kh1 Nc3 28.
Nxc3 Qxd3 29. Qf6+ Kg8 30. Nd5 Qxe4 31. Ne7+ Qxe7 32. Qxe7 b5 33. cxb5 h6 34.
Qd6 Bb7 35. Bd5 Kg7 36. Qxd7 Bc8 37. Qxa7 g5 38. Qxb8 Bf5 39. Qg3 f6 40. Rb2 Rd8
41. Ba2 Bd3 42. Qc7+ Kg6 43. Qxd8 Bxf1 44. hxg5 hxg5 45. b6 f5 46. Qf8 g4 47. b7
Bd3 48. Qd6+ Kg5 49. Qxd3 f4 50. b8=Q f3 51. g3 Kf6 52. Qbb5 Ke7 53. Rb3 Kf6 54.
Qd6+ Kg7 55. Qb7+ Kg8 56. Qdb8# 1-0

[Event "AUTO-INT-3857"]
[Site "http://www.queenalice.com/game.php?id=1827396"]
[Date "2023.12.17"]
[Round "1"]
[White "Castling"]
[Black "Bomboche"]
[Result "1-0"]
[WhiteElo "1618"]
[BlackElo "1217"]

1. e4 Nc6 2. Bc4 e5 3. Nf3 Nf6 4. d3 Bb4+ 5. Bd2 Bc5 6. h3 O-O 7. Bg5 Na5 8. Bb3
c6 9. Nxe5 Qe8 10. Nf3 Nh5 11. Qd2 d5 12. Nc3 dxe4 13. Nxe4 h6 14. Be3 Be7 15.
Qxa5 b6 16. Qd2 Be6 17. Bxe6 fxe6 18. O-O-O a5 19. Ne5 Rb8 20. g4 Nf6 21. f4 Nd5
22. Rdf1 c5 23. c4 Nb4 24. a3 Na2+ 25. Kc2 Qa4+ 26. Kb1 g5 27. Kxa2 b5 28. Nd7
bxc4 29. Nxb8 cxd3 30. fxg5 Qc4+ 31. Ka1 Rxb8 32. gxh6 Qxe4 33. g5 c4 34. Qc3
Qxe3 35. Qg7# 1-0

[Event "AUTO-INT-3857"]
[Site "http://www.queenalice.com/game.php?id=1827397"]
[Date "2023.12.17"]
[Round "1"]
[White "Bomboche"]
[Black "Castling"]
[Result "0-1"]
[WhiteElo "1234"]
[BlackElo "1610"]

1. e4 e5 2. d4 d6 3. Nf3 Bg4 4. Bb5+ c6 5. Ba4 exd4 6. Qxd4 Nf6 7. Ng5 h6 8.
Nxf7 Kxf7 9. Bb3+ Be6 10. O-O c5 11. Qd3 Nc6 12. Nc3 Bxb3 13. axb3 Ne5 14. Qb5
b6 15. f4 Ned7 16. Qc4+ Kg6 17. f5+ Kh7 18. Bf4 Be7 19. e5 Nxe5 20. Qe2 g5 21.
Bg3 h5 22. Ne4 Nxe4 23. Qxe4 Bf6 24. b4 h4 25. Bf2 c4 26. Qb7+ Kh6 27. Be3 Rh7
28. Qe4 d5 29. b3 dxe4 30. bxc4 Nxc4 31. Bc1 Bxa1 32. f6 Bxf6 33. Re1 Qd4+ 34.
Kf1 Nd2+ 35. Ke2 e3 36. Ba3 Qg4+ 37. Kxe3 Nc4+ 38. Kd3 Nxa3 39. Rf1 Qc4+ 40. Ke3
Qxf1 41. g3 Nxc2+ 42. Kd2 Rc8 43. gxh4 Rd7# 0-1

[Event "AUTO-INT-3857"]
[Site "http://www.queenalice.com/game.php?id=1827410"]
[Date "2023.12.17"]
[Round "1"]
[White "Bomboche"]
[Black "Givanildo"]
[Result "0-1"]
[WhiteElo "1215"]
[BlackElo "1775"]

1. e4 d5 2. exd5 Qxd5 3. Nc3 Qe5+ 4. Be2 Bf5 5. Nf3 Qf4 6. d4 Qd6 7. Bc4 e6 8.
Bb5+ c6 9. Ba4 b5 10. Bb3 a5 11. O-O a4 12. Ng5 axb3 13. Ne2 Bxc2 14. Qd2 Nf6
15. a3 b4 16. Nf4 Nbd7 17. Re1 e5 18. dxe5 Qxd2 19. Bxd2 bxa3 20. exf6+ Kd8 21.
bxa3 Rg8 22. Nxf7+ Kc8 23. Re8+ Kb7 24. Re4 Bxe4 25. Bc1 Nxf6 26. a4 Bb4 27. f3
Bc5+ 28. Kf1 Bf5 29. a5 Ra6 30. Ne2 Bd3 31. Ke1 Bb4+ 32. Kf1 Re8 33. Kf2 Rxe2+
34. Kg3 Nh5+ 35. Kh4 g6 36. Nd8+ Kc8 37. Nf7 Rxg2 38. Kh3 Bf1 39. Ra4 Ra2+ 40.
Kg4 Rxa4 41. f4 R6xa5 42. Ne5 Be2+ 43. Kg5 Be7+ 44. Kh6 Bf8+ 45. Kxh7 Nxf4 46.
Nxc6 Rh5+ 47. Kg8 Ne6 48. Kf7 Re4 49. Na7+ Kd7 50. Kxg6 Rxh2 51. Nb5 Bxb5 52.
Kf5 Be2 53. Kxe4 Rh1 54. Ke3 Bb5 55. Kd2 Bh6+ 56. Kc3 Rxc1+ 57. Kxb3 Nd4+ 58.
Kb4 Bd2+ 59. Ka3 Bd3 60. Ka4 Rb1 61. Ka3 Kc6 62. Ka2 Kb5 63. Ka3 Bc3 64. Ka2
Ra1# 0-1

[Event "AUTO-INT-3857"]
[Site "http://www.queenalice.com/game.php?id=1827411"]
[Date "2023.12.17"]
[Round "1"]
[White "Givanildo"]
[Black "Bomboche"]
[Result "1-0"]
[WhiteElo "1638"]
[BlackElo "1230"]

1. d4 d6 2. Bf4 Nf6 3. h3 Nc6 4. e3 e5 5. dxe5 dxe5 6. Qxd8+ Nxd8 7. Bh2 Bb4+ 8.
c3 Ba5 9. Nd2 e4 10. b4 Bb6 11. a4 Nd5 12. a5 Bxe3 13. fxe3 Nxe3 14. Bb5+ c6 15.
Ba4 Nxg2+ 16. Ke2 b6 17. Nxe4 O-O 18. Kf2 Bxh3 19. Nxh3 Nh4 20. Rhg1 f5 21. Nd6
h6 22. axb6 f4 23. bxa7 f3 24. Be5 Rxa7 25. Bb3+ Nf7 26. Rxg7+ Kh8 27. Rxf7+ Kg8
28. Rfxa7+ Rf7 29. Bxf7+ Kh7 30. Bh5+ Kg8 31. Rg7+ Kf8 32. Ra8# 1-0

[Event "AUTO-INT-3857"]
[Site "http://www.queenalice.com/game.php?id=1827412"]
[Date "2023.12.17"]
[Round "1"]
[White "Bomboche"]
[Black "SGF"]
[Result "0-1"]
[WhiteElo "1237"]
[BlackElo "1701"]

1. e4 e5 2. Nf3 Qf6 3. Bc4 c6 4. d3 h6 5. O-O b5 6. Bb3 a5 7. d4 d6 8. dxe5 dxe5
9. Nc3 a4 10. Nxa4 bxa4 11. Bc4 Ba6 12. Bxa6 Nxa6 13. Rb1 Nb4 14. Qe2 g5 15. Ra1
Bc5 16. Qc4 Na6 17. a3 Ne7 18. b4 Bd4 19. b5 Bxa1 20. Qxa4 Nc7 21. Qb3 Nxb5 22.
a4 Nc3 23. Qa3 Rxa4 24. Qc5 Rxe4 25. Qa5 Ra4 26. Qc5 Ne2+ 27. Kh1 O-O 28. Qe3
Nxc1 29. Rxc1 Nd5 30. Qb3 Nc3 31. Qb6 Rd8 32. Qb3 e4 33. h4 exf3 34. h5 Rh4+ 35.
Kg1 Ne2+ 36. Kf1 Rh1# 0-1

[Event "AUTO-INT-3857"]
[Site "http://www.queenalice.com/game.php?id=1827413"]
[Date "2023.12.17"]
[Round "1"]
[White "SGF"]
[Black "Bomboche"]
[Result "1-0"]
[WhiteElo "1699"]
[BlackElo "1217"]

1. e4 e5 2. Qf3 Bc5 3. Bc4 Nf6 4. d3 d6 5. Bg5 Bb4+ 6. c3 Ba5 7. b4 Bg4 8. Qxg4
Nxg4 9. Bxd8 Bb6 10. Bh4 O-O 11. f3 Ne3 12. Kd2 c5 13. Kxe3 cxb4+ 14. d4 Nc6 15.
cxb4 exd4+ 16. Ke2 Nxb4 17. Nd2 Rfe8 18. a3 Nc2 19. Ra2 h5 20. Rxc2 Kf8 21. Nh3
f5 22. Bb5 Re6 23. Bg5 d5 24. a4 dxe4 25. fxe4 fxe4 26. Nf4 d3+ 27. Nxd3 a6 28.
Bd7 Rg6 29. Nxe4 Ba5 30. Rc8+ Rxc8 31. Bxc8 Re6 32. Bxe6 b5 33. axb5 axb5 34.
Ra1 Bc7 35. Ra8+ Bd8 36. Rxd8# 1-0

[Event "Samsara 1"]
[Site "http://www.queenalice.com/game.php?id=1827573"]
[Date "2023.12.19"]
[Round "-"]
[White "Ouraz99"]
[Black "Bomboche"]
[Result "1-0"]
[WhiteElo "1357"]
[BlackElo "1228"]

1. e4 Nc6 2. b3 e5 3. Nf3 Nf6 4. d3 Bb4+ 5. Bd2 d6 6. a3 Bxd2+ 7. Nbxd2 d5 8.
exd5 Nxd5 9. c4 Bg4 10. cxd5 Qxd5 11. h3 Bh5 12. g4 Bg6 13. Nc4 e4 14. dxe4
Qxe4+ 15. Ne3 O-O 16. Bg2 Ne7 17. Nh4 Qe5 18. Rc1 Nd5 19. Nf3 Qe7 20. Qxd5 Qxa3
21. Rxc7 Qa1+ 22. Ke2 Qa6+ 23. Nc4 Qa2+ 24. Nfd2 Rfe8+ 25. Kf3 Rab8 26. Kf4 a6
27. Ne5 a5 28. Nxf7 a4 29. Nh6+ Kh8 30. Be4 gxh6 31. Qd7 axb3 32. Qg7# 1-0

[Event "Samsara 2"]
[Site "http://www.queenalice.com/game.php?id=1827574"]
[Date "2023.12.19"]
[Round "-"]
[White "Bomboche"]
[Black "Ouraz99"]
[Result "1-0"]
[WhiteElo "1215"]
[BlackElo "1364"]

1. e4 c5 2. Bc4 e6 3. Nf3 Nf6 4. Nc3 b6 5. Ne5 Qe7 6. d4 b5 7. Nxb5 Qd8 8. Nc3
Qe7 9. dxc5 Qxc5 10. Bf4 Bd6 11. Bb3 Nc6 12. Nd3 Qd4 13. Nb5 e5 14. Nxd4 Nxd4
15. Bxe5 Ke7 16. Bxd4 Nxe4 17. O-O Ba6 18. Re1 Bb7 19. Qg4 g6 20. Rxe4+ Kd8 21.
Bxh8 Kc7 22. Rc4+ Bc6 23. Bc3 f5 24. Ba5+ Kc8 25. Qh4 Kb7 26. Qxh7 Rb8 27. Qxg6
Be4 28. Qxd6 Rc8 29. Qxd7+ Ka6 30. Qxc8+ Kxa5 31. Qc7+ Ka6 32. Nc5+ Kb5 33. Ra4
Bb7 34. Bc4# 1-0

[Event "Challenge"]
[Site "http://www.queenalice.com/game.php?id=1827600"]
[Date "2023.12.20"]
[Round "-"]
[White "Leanne"]
[Black "Bomboche"]
[Result "1-0"]
[WhiteElo "1531"]
[BlackElo "1235"]

1. e4 e5 2. Nf3 Nc6 3. d4 exd4 4. Nxd4 Qh4 5. g3 Qxe4+ 6. Be3 Bc5 7. Nd2 Qe5 8.
N2f3 Qe7 9. Bg2 Bb4+ 10. c3 Ba5 11. O-O Nf6 12. Nf5 Qe4 13. N5h4 Ng4 14. Ng5 Qe7
15. Qxg4 Ne5 16. Qh5 g6 17. Qe2 Ng4 18. Qxg4 h6 19. Ne4 d5 20. Qf4 dxe4 21. Bxe4
g5 22. Qf3 gxh4 23. Bxb7 Rb8 24. Bxc8 Rxc8 25. b4 Bb6 26. Bxb6 cxb6 27. Rae1 Kf8
28. Rxe7 Kxe7 29. Qe4+ Kf8 30. Qxh4 Rxc3 31. Qf6 Rc4 32. Qxh8+ Ke7 33. a3 b5 34.
Qxh6 Rc3 35. Rc1 Rxa3 36. Rc7+ Kd8 37. Rxf7 Ra1+ 38. Kg2 Rb1 39. Qf8# 1-0

[Event "Challenge"]
[Site "http://www.queenalice.com/game.php?id=1827601"]
[Date "2023.12.20"]
[Round "-"]
[White "Bomboche"]
[Black "Leanne"]
[Result "1-0"]
[WhiteElo "1213"]
[BlackElo "1392"]

1. e4 c6 2. Nf3 d5 3. e5 Bg4 4. h3 Bxf3 5. Qxf3 f6 6. exf6 exf6 7. Qe3+ Ne7 8.
Bd3 g6 9. O-O Bg7 10. c4 O-O 11. Na3 dxc4 12. Bxc4+ Kh8 13. b3 Nf5 14. Qc3 Qd6
15. Nc2 b5 16. Be2 c5 17. a3 b4 18. Qf3 Nc6 19. axb4 cxb4 20. Qe4 Ncd4 21. Bb2
Nxc2 22. Qxc2 Nd4 23. Qd3 Qe6 24. Qxd4 Qxe2 25. Ra4 Qe6 26. Rxb4 a5 27. Rb6 Qf5
28. g4 Qc8 29. h4 Ra6 30. Rb5 h5 31. gxh5 gxh5 32. Rxh5+ Kg8 33. Qd5+ Qe6 34.
Ba3 Qxd5 35. Rxd5 Re8 36. b4 axb4 37. Bxb4 Re5 38. Rd8+ Kh7 39. Rd7 Rh5 40. f4
Rxh4 41. f5 Rxb4 42. d4 Rab6 43. d5 Rb1 44. Kg2 R6b2+ 45. Kg1 Rxf1+ 46. Kxf1 Rd2
47. Ke1 Rd4 48. Ke2 Rxd5 49. Rxd5 Kh6 50. Rd4 Kg5 51. Rd5 Kg4 52. Rd4+ Kxf5 53.
Rd5+ Kg4 54. Ke3 Bh6+ 55. Ke4 f5+ 56. Ke5 f4 57. Rd4 Kh5 58. Rxf4 Bxf4+ 59. Kxf4
1-0

[Event "Challenge"]
[Site "http://www.queenalice.com/game.php?id=1827842"]
[Date "2023.12.23"]
[Round "-"]
[White "Bomboche"]
[Black "dejami"]
[Result "0-1"]
[WhiteElo "1249"]
[BlackElo "1717"]

1. e4 e5 2. Nc3 c6 3. Nf3 Qf6 4. Bc4 g5 5. d4 d6 6. O-O h6 7. d5 g4 8. Nd2 h5 9.
dxc6 bxc6 10. b4 Nd7 11. f3 g3 12. hxg3 h4 13. Qe1 h3 14. gxh3 Nb6 15. g4 Qh6
16. Rf2 Qxh3 17. Ne2 Qh1# 0-1

[Event "Challenge"]
[Site "http://www.queenalice.com/game.php?id=1827843"]
[Date "2023.12.23"]
[Round "-"]
[White "dejami"]
[Black "Bomboche"]
[Result "1-0"]
[WhiteElo "1704"]
[BlackElo "1243"]

1. e4 e5 2. Bc4 Nh6 3. d3 Nc6 4. c3 d6 5. Qf3 Bg4 6. Qg3 Na5 7. Bb5+ c6 8. Ba4
b5 9. Bc2 d5 10. Bxh6 Bh5 11. Bg5 f6 12. Be3 dxe4 13. d4 exd4 14. Bxd4 b4 15.
Nh3 bxc3 16. Bxc3 Nc4 17. O-O g6 18. Re1 a5 19. Rxe4+ Ne5 20. Na3 Be7 21. Bxe5
O-O 22. Bc3 Bc5 23. Nf4 Kf7 24. Bb3+ Kg7 25. Nxh5+ Kh6 26. Nf4 g5 27. Qh3+ Kg7
28. Ne6+ Kg6 29. Nxd8 Rfxd8 30. Re6 a4 31. Bc2+ Kf7 32. Rxf6+ Ke7 33. Re1+ Be3
34. Rxe3# 1-0

[Event "Un Âne plane 1"]
[Site "http://www.queenalice.com/game.php?id=1828342"]
[Date "2024.1.2"]
[Round "-"]
[White "Ouraz99"]
[Black "Bomboche"]
[Result "0-1"]
[WhiteElo "1339"]
[BlackElo "1232"]

1. Nc3 c6 2. e4 e5 3. Nf3 Bc5 4. a3 Nf6 5. Nxe5 d5 6. d4 Bb6 7. f3 dxe4 8. Nxe4
Bxd4 9. Bc4 O-O 10. Nd3 b5 11. Ba2 Qe7 12. Qe2 Nd5 13. Nb4 Qh4+ 14. g3 Qe7 15.
Nxc6 Nxc6 16. Bxd5 Bd7 17. Bg5 Qe8 18. Be3 Bxb2 19. Ra2 Bd4 20. O-O Qe5 21. Bb3
b4 22. Ng5 bxa3 23. Bxf7+ Rxf7 24. f4 Bxe3+ 25. Kg2 Qd5+ 26. Rf3 Nd4 27. c4
Qxf3+ 28. Nxf3 Nxe2 29. Rxe2 Re8 30. Ne5 Bb6 31. Kf3 Rfe7 32. Rd2 Bh3 33. Ra2
Rf8 34. Ke4 h6 35. Rxa3 Bg2+ 36. Kd3 Rd8+ 37. Kc3 g5 38. Nc6 Re3+ 39. Kb4 a5+
40. Ka4 Bxc6# 0-1

[Event "Un Âne plane 2"]
[Site "http://www.queenalice.com/game.php?id=1828343"]
[Date "2024.1.2"]
[Round "-"]
[White "Bomboche"]
[Black "Ouraz99"]
[Result "0-1"]
[WhiteElo "1231"]
[BlackElo "1329"]

1. e4 c5 2. Bc4 e6 3. d3 Nc6 4. Nf3 Nd4 5. Ne5 Qf6 6. Ng4 Qg6 7. O-O b5 8. Bb3
Bd6 9. Nc3 Nf6 10. Nxb5 Nxb5 11. d4 Nxg4 12. g3 Qxe4 13. f3 Qxd4+ 14. Kg2 Bb7
15. Qe1 h5 16. Kh3 f5 17. fxg4 Qxg4# 0-1

[Event "Mistral gagnant 1"]
[Site "http://www.queenalice.com/game.php?id=1830722"]
[Date "2024.2.2"]
[Round "-"]
[White "Ouraz99"]
[Black "Bomboche"]
[Result "1-0"]
[WhiteElo "1308"]
[BlackElo "1179"]

1. h4 e5 2. e4 d5 3. Nc3 c6 4. g3 Nf6 5. Bd3 Bb4 6. Qf3 Bc5 7. Na4 Bb4 8. c3 Ba5
9. b4 Bc7 10. Ba3 O-O 11. b5 Re8 12. c4 Ba5 13. bxc6 dxc4 14. Nb2 cxd3 15. Nxd3
bxc6 16. Bb4 Bb6 17. Bc5 Ba5 18. Nh3 Ng4 19. Bb4 Bb6 20. Nhf4 exf4 21. Nxf4 Na6
22. Bc3 Nc5 23. O-O Nf6 24. e5 Nfd7 25. d4 Na4 26. d5 Nxe5 27. Bxe5 cxd5 28.
Qxd5 Qe7 29. Rfe1 Nc3 30. Qxa8 Qc5 31. Rac1 Qxf2+ 32. Kh1 Qf3+ 33. Qxf3 Nxa2 34.
Rcd1 Re7 35. Bxg7 Kxg7 36. Rxe7 Bc5 37. Qc6 Bg4 38. Qxc5 Bxd1 39. Qxa7 Kf6 40.
Nd5+ Kf5 41. Qf2+ Kg4 42. Kh2 Nc1 43. Re4+ Kh5 44. Qxf7+ Kh6 45. Nf6 Bf3 46.
Qxh7# 1-0